LEADER 01416nam a2200265 u 4500 001 000000011055 003 CaOOAMICUS 005 20070226105402.0 008 940516s1962 fr u000 u fre u 035 $a10272827 040 $aPUL$bita 100 1 $aLys, Daniel.$0(OLS)http://pul/name/10427 245 11$a"Rûach" :$ble souffle dans l'Ancien Testament : enquête anthropologique à travers l'histoire théologique d'Israël /$cpar Daniel Lys. 260 $aParis :$bPresses Universitaires de France,$c1962. 300 $a384 p. ;$c25 cm 490 1 $aEtudes d'histoire et de philosophie religieuses ;$v56 650 4$aSpirito.$0(OLS)http://pul/subject/7726 650 4$aLingua ebraica$xParole e frasi.$0(OLS)http://pul/subject/8573 830 0$aEtudes d'histoire et de philosophie religieuses ;$v56.$0(OLS)http://pul/title/3871 850 $aPUL 852 $aPUL$W1$xDP1 Fondo Gelio$y54$m3 B 28$j15652$nBK-PRI$b $qFondi$B15652$CPULBib$Z2$F15652 $HPUL112 $81 852 $aPUL$W1$xDP1 Fondo Bordoni$y120$m3 A 82$j157704$b2a copia$qFondi$B172628$CPULBib$Z2$F172628 $HBor552 $81 941 1 $a1 996 $6245$a"Rûach" :$ble souffle dans l'Ancien Testament : enquête anthropologique à travers l'histoire théologique d'Israël$9(OLS)http://pul/title/16071 996 $6260$aParis :$bPresses Universitaires de France$9(OLS)http://pul/publisher/47940 LEADER 01216nam a2200265 u 4500 001 000000052410 003 CaOOAMICUS 005 20070226115439.0 008 001017s1970 it u000 u ita u 035 $a10858401 040 $aPUL(R)$bita 100 1 $aVannicelli, Luigi,$d1934-$0(OLS)http://pul/name/37328 245 10$aRisarcimento danni per ignoranza della causa determinante :$bla nullità matrimoniale /$cLuigi Vannicelli. 260 $aMilano :$bIstituto Editoriale Cisalpino,$c1970. 300 $aP. [1]-11 ;$c25 cm 500 $a"Estratto dalla rivista: Temi, n. 3, maggio-giugno 1970". 504 $aBibliografia in nota. 650 4$aMatrimonio (diritto civile)$zItalia.$0(OLS)http://pul/subject/12562 650 4$aDivorzio$zItalia.$0(OLS)http://pul/subject/16364 850 $aPUL 852 $aPUL$W1$xDP1 Fondo Ciprotti$y59$m1544 E 40$j69315$nBK-PRI$b $qFondi$B69315$CPULBib$Z2$F69315 $H $81 941 1 $a1 961 $aINV: F. Ciprotti 996 $6245$aRisarcimento danni per ignoranza della causa determinante :$bla nullità matrimoniale$9(OLS)http://pul/title/70319 996 $6260$aMilano :$bIstituto Editoriale Cisalpino$9(OLS)http://pul/publisher/68287